| 000 | 00753cam a2200241 a 4500 | ||
|---|---|---|---|
| 001 | 14014 | ||
| 003 | BD-JhCC | ||
| 005 | 20240523132831.0 | ||
| 008 | 911203s1935 enka 000 0 eng d | ||
| 035 | _a(BD-JhCC)14013 | ||
| 035 | _a1041440 | ||
| 040 |
_aANL _cANL _dBD-JhCC |
||
| 041 | _aeng | ||
| 082 | 0 | 4 |
_a516.20076 _219 _bSTE 1958 |
| 100 | 1 |
_aHall, H. S. _q(Henry Sinclair), _d1848-1934. |
|
| 245 | 1 | 2 |
_aA school geometry. _nParts I and II / _cby H.S. Hall and F.H. Stevens. |
| 260 |
_aLondon, _c1935. |
||
| 300 | _a1 v. | ||
| 505 | 0 | _apt. 1. Lines and angles. Rectilineal figures -- pt. 2. Areas of rectilineal figures. | |
| 650 | 0 |
_aGeometry _xProblems, exercises, etc. |
|
| 700 | 1 |
_aStevens, F. H. _q(Frederick Haller) |
|
| 942 |
_2ddc _cBK |
||
| 999 |
_c14014 _d14014 |
||